00727nam a22002057a 4500008004100000040001800041041000800059100005100067245010300118250001200221260005200233300001800285500004100303650002700344650002200371651001400393651003800407651002600445651005000471130821s1924 fr gr fre  aCo-BoUCMbspa00afre aVogeE, Eugene Melchior De, Vizconted1848-191000aSyrie, Palestine, Mont AthosbVoyage aux Pays du PassécPar Vizconte Eugène Melchior de Vogé a11a. ed aParís (Francia)bLibrairie Plon-Nourritc1924 a333 páginas aIncluye índice y tabla de gravados04aDescripciones y viajes04aViajes de estudio aPalestina aPalestinaxDescripciones y viajes aSiria (Oriente Medio) aSiria (Oriente Medio)xDescripciones y viajes